000 00548nam a2200217Ia 4500
003 OSt
005 20220926043941.0
006 a|||||r|||| 00| 0
007 ta
008 220923b |||||||| |||| 00| 0 eng d
037 _cGeneral Book
040 _aRTL
_cRTL
_beng
041 _2eng
_aeng
082 _aY17751:1, K3
100 _aLloyd Joan
_9348389
245 0 _aGuatemala
_b Lands of the Mayas
260 _c1963
650 _aRed Indians
942 _hY17751:1, K3
_cGB
_2CC
999 _c673615
_d673615